• 首页
  • 本馆介绍
  • 公告通知
  • 最新文献
  • 馆藏检索
  • 电子资源
  • 读者导购
  • 参考咨询
  • 我的图书馆
  • 登录
  • 详细信息显示
  • 放入我的书架
  • 预约/预借图书
  • 作者相关作品
  • 分类相关作品
  • 丛书相关作品
  • 出版社相关作品

书目信息

  • 表格格式
  • 工作单格式
  • 卡片格式
题名:
美国海上力量
    
 
作者: 王昉 , 郭天倚 著
分册:  
出版信息: 北京   海洋出版社  1999
页数: 354页
开本: 20cm
丛书名: 海上军事强国丛书
单 册:
中图分类: E712.53
科图分类:
主题词: 海军--美国
电子资源:
ISBN: 7-5027-4708-7
000 00703nam2 2200241 45
001 0403251055
005 20041206154158.7
010    @a7-5027-4708-7@dCNY19.00
100    @a20040325d1999 km y0chiy0120 ea
101 0  @achi
105    @a z 000yy
200 1  @a美国海上力量@AMei Guo Hai Shang Li Liang@e由海向陆@EYou Hai Xiang Lu@f王昉,郭天倚著@FWang Fang,Guo Tian Yi Zhu
210    @a北京@c海洋出版社@d1999
215    @a354页@d20cm
225    @a海上军事强国丛书@v1
410    @12001 @a海上军事强国丛书
517    @a由海向陆@AYou Hai Xiang Lu
606 0  @a海军@y美国
690    @aE712.53@v3
701  0 @a王昉@4著
701  0 @a郭天倚@4著
801    @aCN@bTSTC@c20040325
905    @dE712.53@e29
    
    美国海上力量:由海向陆/王昉,郭天倚著.-北京:海洋出版社,1999
    354页;20cm.-(海上军事强国丛书;1)
    
    
    ISBN 7-5027-4708-7:CNY19.00
    
●
相关链接 在E读中查询图书 在五车中查询图书 在当当中查询图书 在豆瓣中查询图书


正题名:美国海上力量     索取号:E712.53/29         预约/预借

序号 登录号 条形码 馆藏地/架位号 状态 备注
1 0289835   002898350   第一借阅区/ [索取号:E712.53/29] 在馆    
2 0289836   002898369   密集书库/ [索取号:E712.53/29] 在馆    
3 0289837   002898378   密集书库/ [索取号:E712.53/29] 在馆    
4 0289838   002898387   第一借阅区/ [索取号:E712.53/29] 在馆    
5 0289839   002898396   第一样本阅览室/ [索取号:E712.53/29] 在馆    
唐山师范学院图书馆 欢迎您!
大连网信软件有限公司© 版权所有